| 000 | 00889cam a22002411i 4500 | ||
|---|---|---|---|
| 003 | SA-RiAUC | ||
| 005 | 20250209110536.0 | ||
| 008 | 250107s2000 ||| g 000 0 ara c | ||
| 040 |
_aSA-JeALM _bara _cSA-RiAUC _erda |
||
| 082 | 0 | 4 | _a245.9 |
| 090 |
_a245.9 _b ح ر ب |
||
| 100 | 1 |
_aالحربي، أحمد بن عوض الله بن داخل _eمؤلف. |
|
| 245 | 1 | 2 |
_aالماتريدية : _bدراسة وتقويما / _cأحمد بن عوض الله الحربي. |
| 250 | _aالطبعة الثانية. | ||
| 264 | 1 |
_aالرياض : _bدار الصميعي، _c2000 |
|
| 300 |
_a576 صفحة؛ _c24 سم |
||
| 336 |
_aنص _btxt _2rdacontent _3كتاب |
||
| 337 |
_aبدون وسيط _bn _2rdamedia |
||
| 338 |
_aمجلد _bnc _2rdacarrier |
||
| 650 | 7 |
_aالماتريدية (فرقة إسلامية) _2aucsh |
|
| 942 |
_2ddc _cBOOK _n0 |
||
| 949 |
_aSA-JeALM _d250107 _uosman123 _n1 |
||
| 999 |
_c5762 _d5762 |
||